MARC details
| 000 -LEADER |
| fixed length control field |
01940ngm a2200433Ia 4500 |
| 003 - CONTROL NUMBER IDENTIFIER |
| control field |
data |
| 005 - DATE AND TIME OF LATEST TRANSACTION |
| control field |
20260322212038.0 |
| 007 - PHYSICAL DESCRIPTION FIXED FIELD--GENERAL INFORMATION |
| fixed length control field |
data |
| 008 - FIXED-LENGTH DATA ELEMENTS--GENERAL INFORMATION |
| fixed length control field |
data |
| 020 ## - INTERNATIONAL STANDARD BOOK NUMBER |
| International Standard Book Number |
0792169123 |
| 020 ## - INTERNATIONAL STANDARD BOOK NUMBER |
| International Standard Book Number |
0792169182 (set) |
| 020 ## - INTERNATIONAL STANDARD BOOK NUMBER |
| International Standard Book Number |
9780792169123 |
| 020 ## - INTERNATIONAL STANDARD BOOK NUMBER |
| International Standard Book Number |
9780792169185 (set) |
| 028 41 - PUBLISHER OR DISTRIBUTOR NUMBER |
| Publisher or distributor number |
15611 |
| 028 41 - PUBLISHER OR DISTRIBUTOR NUMBER |
| Publisher or distributor number |
15614 (set) |
| 040 ## - CATALOGING SOURCE |
| Original cataloging agency |
OMI |
| Transcribing agency |
OMI |
| 049 ## - LOCAL HOLDINGS (OCLC) |
| Holding library |
ONUU |
| 001 - CONTROL NUMBER |
| control field |
data |
| 245 10 - TITLE STATEMENT |
| Title |
It's the Great Pumpkin, Charlie Brown |
| Medium |
[videorecording] / |
| Statement of responsibility, etc. |
Paramount Pictures Corporation & United Features Syndicate. |
| 246 30 - VARYING FORM OF TITLE |
| Title proper/short title |
You're not elected, Charlie Brown. |
| 260 ## - PUBLICATION, DISTRIBUTION, ETC. |
| Place of publication, distribution, etc. |
Hollywood, Calif. : |
| Name of publisher, distributor, etc. |
Paramount, |
| Date of publication, distribution, etc. |
2000. |
| 300 ## - PHYSICAL DESCRIPTION |
| Extent |
1 videodisc (50 min.) : |
| Other physical details |
digital, sd., col. ; |
| Dimensions |
4 3/4 in. |
| 440 #0 - SERIES STATEMENT/ADDED ENTRY--TITLE |
| Title |
Peanuts classic holiday collection. |
| 500 ## - GENERAL NOTE |
| General note |
Videodisc release of the 1966 United Features Syndicate production. |
| 505 0# - FORMATTED CONTENTS NOTE |
| Formatted contents note |
It's the Great Pumpkin, Charlie Brown (25 min.) -- (Bonus feature) You're not elected, Charlie Brown (25 min.) |
| 508 ## - CREATION/PRODUCTION CREDITS NOTE |
| Creation/production credits note |
Written and created by Charles M. Schulz; produced by Lee Mendelson, Bill Melendez; directed by Bill Melendez; composer/performer, Vince Guaraldi ; arranger/conductor, John Scott Trotter. |
| 511 0# - PARTICIPANT OR PERFORMER NOTE |
| Participant or performer note |
Voices: Peter Robbins (Charlie Brown), Chris Shea (Linus), Sally Dryer (Lucy), Cathy Steinberg (Sally) |
| 520 ## - SUMMARY, ETC. |
| Summary, etc. |
It's Halloween, and all of the high spirited Peanuts gang are off on their respective "scare-raising" adventures. |
| 521 ## - TARGET AUDIENCE NOTE |
| Target audience note |
For children of all ages. |
| 538 ## - SYSTEM DETAILS NOTE |
| System details note |
DVD ; dolby digital ; standard version ; interactive menusm; scene selection. |
| 546 ## - LANGUAGE NOTE |
| Language note |
English subtitles. |
| 650 #0 - SUBJECT ADDED ENTRY--TOPICAL TERM |
| Topical term or geographic name entry element |
Brown, Charlie (Fictitious character) |
| General subdivision |
Juvenile films. |
| 650 #0 - SUBJECT ADDED ENTRY--TOPICAL TERM |
| Topical term or geographic name entry element |
Halloween |
| General subdivision |
Juvenile films. |
| 650 #0 - SUBJECT ADDED ENTRY--TOPICAL TERM |
| Topical term or geographic name entry element |
Elections |
| General subdivision |
Juvenile films. |
| 650 #0 - SUBJECT ADDED ENTRY--TOPICAL TERM |
| Topical term or geographic name entry element |
Animated films. |
| 710 2# - ADDED ENTRY--CORPORATE NAME |
| Corporate name or jurisdiction name as entry element |
United Features Syndicate. |
| 720 2# - ADDED ENTRY--UNCONTROLLED NAME |
| Name |
Paramount Pictures Corporation. |
| 856 42 - ELECTRONIC LOCATION AND ACCESS |
| Materials specified |
Reviews |
| Uniform Resource Identifier |
<a href="http://www.mrqe.com/lookup?its+the+great+pumpkin">http://www.mrqe.com/lookup?its+the+great+pumpkin</a> |
| Public note |
Read a Review |